000 00536nam a2200193Ia 4500
005 20250508154132.0
008 008 250505s9999 xx 000 0 eng d
037 _aDissertations
040 _aFEDL
_beng
_cFEDL
041 _aeng
_2eng
084 _a157.1, JOS/DI
_qFEDL
100 _aJoshi V D
_9765123
245 0 _aAnxiety and its effect on scholastic achievement
260 _c1966
300 _a115p.
546 _aM.Ed. Dissertation (Rajasthan)
942 _cDIS
_h157.1, JOS/DI
999 _c1347912
_d1347912